Sports Quiz

Random Sports or NFL Quiz

Hall of Fame QBs Quiz Stats

Quiz Updated Aug 8, 2017

Challenge
Share
Tweet
Score 0/34 Timer 06:00
0 Plays Today
Quarterback % Correct
Joe Montana
97.1%
Steve Young
90%
John Elway
90%
Dan Marino
89.5%
Brett Favre
86.6%
Terry Bradshaw
86.3%
Warren Moon
85.4%
Troy Aikman
84.3%
Joe Namath
82.7%
Kurt Warner
82.4%
Bart Starr
79.6%
Johnny Unitas
78.9%
Jim Kelly
78.4%
Dan Fouts
72%
Fran Tarkenton
70.7%
Roger Staubach
67.5%
Bob Griese
58.4%
Quarterback % Correct
Ken Stabler
55.5%
Y.A. Tittle
48.6%
Len Dawson
47.9%
Otto Graham
38.1%
George Blanda
35.3%
Sammy Baugh
35.1%
Sonny Jurgensen
29.2%
Norm Van Brocklin
27.7%
Sid Luckman
22%
Bobby Layne
15.7%
Bob Waterfield
9.1%
Jimmy Conzelman
4.4%
Ace Parker
3.8%
Dutch Clark
3.7%
Arnie Herber
3.6%
Paddy Driscoll
3.1%
Benny Friedman
3%

You're not logged in!

Compare scores with friends on all Sporcle quizzes.
Sign Up with Email
OR
Log In

You Might Also Like...

Show Comments

Extras

Top Quizzes Today


Score Distribution

Your Account Isn't Verified!

In order to create a playlist on Sporcle, you need to verify the email address you used during registration. Go to your Sporcle Settings to finish the process.

Report this User

Report this user for behavior that violates our Community Guidelines.

Details: